000 00432nam a2200133Ia 4500
008 220214s9999 xx 000 0 und d
100 _aLorquin J
245 0 _aEvidence for a NAD kinase in the membrane compartment from the latex of Hevea brasiliensis
260 _bComptes Rendus De I'Academie Des Sciences. Serie III, Sciences De La Vie
_c1987
300 _a187-191
700 _aChrestin H
700 _aFrancey Y
942 _cRE
999 _c45882
_d45882